Akabreen-e-tahreek pakistan (Record no. 583841)

000 -LEADER
fixed length control field 00610nam a22001817a 4500
003 - CONTROL NUMBER IDENTIFIER
control field CEME
005 - DATE AND TIME OF LATEST TRANSACTION
control field 20210628210245.0
008 - FIXED-LENGTH DATA ELEMENTS--GENERAL INFORMATION
fixed length control field 210216b xxu||||| |||| 00| 0 eng d
020 ## - INTERNATIONAL STANDARD BOOK NUMBER
International Standard Book Number 969-35-0704-5
040 ## - CATALOGING SOURCE
Transcribing agency .
082 ## - DEWEY DECIMAL CLASSIFICATION NUMBER
Classification number 923.2549 MUH
100 ## - MAIN ENTRY--PERSONAL NAME
Personal name Muhammad Ali Charagh
9 (RLIN) 68573
245 ## - TITLE STATEMENT
Title Akabreen-e-tahreek pakistan
260 ## - PUBLICATION, DISTRIBUTION, ETC.
Place of publication, distribution, etc. LAHORE
Name of publisher, distributor, etc. SANG-E-MEEL
Date of publication, distribution, etc. 1997
300 ## - PHYSICAL DESCRIPTION
Extent 912P
650 ## - SUBJECT ADDED ENTRY--TOPICAL TERM
Topical term or geographic name entry element BIOGRAPHY-HAZRAT MUJADAD ALAF SANNI BIOGRAPHY-HAZRAT SHAH WALI ULLAH BIOGRAPHY-HAIDER ALI BIOGRAPHY-NAWAB SIRAJ UL DOLA BIOGRAPHY-SHAH ISMAIL SHAHEED BIOGRAPHY-SYED AHMAD SHAHEED
9 (RLIN) 78753
942 ## - ADDED ENTRY ELEMENTS (KOHA)
Koha item type Book
Source of classification or shelving scheme
Holdings
Withdrawn status Lost status Damaged status Not for loan Permanent Location Current Location Shelving location Date acquired Total Checkouts Full call number Barcode Date last seen Price effective from Koha item type
        College of Electrical & Mechanical Engineering (CEME) College of Electrical & Mechanical Engineering (CEME) General Stacks 06/20/2017   923.2549 MUH CEME-33802 06/28/2021 06/28/2021 Book
© 2023 Central Library, National University of Sciences and Technology. All Rights Reserved.